000 00571nam a22001937a 4500
003 OSt
005 20220609031329.0
008 170328b xxu||||| |||| 00| 0 eng d
020 _a0130450308
040 _aMMU
_beng.
_cMMU
_dMMU
050 _aTK7871.85 .P39 1994
100 _aPaynter T. Robert.
245 _aIntroductory electronic devices and circuits/
_cRobert T. Paynter.
250 _a3rd ed.
260 _aNew Jersey:
_bPrentice Hall Career & Technology,
_c1994.
300 _axvi,259p.;
650 _aElectronic devices and circuits.
942 _2lcc
_cLOAN LOAN
999 _c26162
_d26162